00393nam a2200157Ia 4500008004100000020001800041041000800059082001500067100001600082245003800098250002100136260001900157300002700176365001600203700001600219230718s9999 xx 000 0 und d a9788121926165 aeng a620.1bKHU aKhurmi R.S. aTextbook Of Engineering Mechanics a20th Revised ed. c2014bS. Chand a765dRef 435 G (54079) cRs.b695.00 aKhurmi R.S.